| 000 | 01037nam a2200301 i 4500 | ||
|---|---|---|---|
| 001 | bg | ||
| 003 | KOSZ 005 | ||
| 005 | 20200417141915.0 | ||
| 008 | 040519s1975 pl a f f |000 0 pol | ||
| 015 | _aPB 1976/1360 | ||
| 035 | _a(OCoLC)750472858 | ||
| 040 |
_aWA N _cKOSZ 005/HR _dKOSZ 005/HR |
||
| 080 | _a532 | ||
| 080 | _a(075.8+076) | ||
| 100 | 1 | _aRatajczyk, Roman. | |
| 245 | 1 | 0 |
_aZbiór zadań z hydromechaniki / _cRoman Ratajczyk, Wacław Zwoliński. |
| 260 |
_aŁódź : _bPŁ, _c1975. |
||
| 300 |
_a410 s. : _bil., tab., wykr. ; _c21 cm. |
||
| 380 | _aKsiążki. | ||
| 490 | 1 | _aSkrypty dla Szkół Wyższych / Politechnika Łódzka. | |
| 504 | _aBibliogr. s. 410. | ||
| 655 | 4 | _aĆwiczenia i zadania dla szkół wyższych | |
| 650 | 4 | _aMechanika płynów | |
| 700 | 1 | _aZwoliński, Wacław. | |
| 856 |
_uhttp://koha.tu.koszalin.pl/cgi-bin/koha/opac-detail.pl?biblionumber=7729 _yKatalog online BPK |
||
| 830 | 0 | _aSkrypty dla Szkół Wyższych - Politechnika Łódzka | |
| 942 |
_2UKD _cKS |
||
| 999 |
_c7729 _d7729 |
||